Asamiya varna prakash (Record no. 8857)

MARC details
000 -LEADER
fixed length control field 00446cam a2200181ua 4500
008 - FIXED-LENGTH DATA ELEMENTS--GENERAL INFORMATION
fixed length control field 190330n ii |||gr||||Z||||||asm
040 ## - CATALOGING SOURCE
Transcribing agency MAIN
041 ## - LANGUAGE CODE
-- asm
082 ## - DEWEY DECIMAL CLASSIFICATION NUMBER
Classification number 491.451
100 ## - MAIN ENTRY--PERSONAL NAME
Personal name Goswami, Golok Chandra,
Relator term
245 ## - TITLE STATEMENT
Title Asamiya varna prakash
Statement of responsibility, etc. By Golok Chandra Goswami
250 ## - EDITION STATEMENT
Edition statement 5th ed.
260 ## - PUBLICATION, DISTRIBUTION, ETC.
Place of publication, distribution, etc. Guwahati:
Name of publisher, distributor, etc. Bina library,
Date of publication, distribution, etc. 2011.
300 ## - PHYSICAL DESCRIPTION
Extent 256p.
942 ## - ADDED ENTRY ELEMENTS (KOHA)
Koha item type Books
653 ## - INDEX TERM--UNCONTROLLED
Uncontrolled term Assamese language
Holdings
Withdrawn status Lost status Damaged status Not for loan Home library Current library Shelving location Date acquired Total Checkouts Full call number Barcode Date last seen Date last checked out Copy number Price effective from Koha item type
        Central Library, Naharkatiya College Central Library, Naharkatiya College General Stacks 19/09/2020 6 491.451Assamese language | GOS 23451 29/01/2026 27/01/2026 2 19/09/2020 Books
        Central Library, Naharkatiya College Central Library, Naharkatiya College General Stacks 19/09/2020 6 491.451Assamese language | GOS 23452 14/03/2026 20/02/2026 1 19/09/2020 Books
        Central Library, Naharkatiya College Central Library, Naharkatiya College General Stacks 19/09/2020 3 491.451Assamese language | GOS 23453 25/02/2026 11/02/2026 3 19/09/2020 Books

Naharkatiya College © 2020. All rights reserved.

Powered By